01252cam a22003258i 450000100090000000300040000900500170001300800410003001000170007102000180008804000230010604200080012905000240013708200190016110000330018024501920021325000220040526300090042726400370043630000150047333600260048833700280051433800270054250000840056950000200065352001940067365000130086765000190088065000270089921878013OSt20230826162725.0210125s2022 nyu 001 0 eng  a 2021002151 a9789392970962 aDLCbengerdacDLC apcc00aHG6024.A3bH85 202200a332.645bHUL/O aHull, John Cd1946-eauthor.10aOptions, futures, and other derivatives /cJohn C. Hull, Maple Financial Group, Professor of Derivatives and Risk Management, Joseph L. Rotman School of Management, University of Toronto. aEleventh edition. a2105 1aNew York, NY :bPearson,c[2022] a893 pages  atextbtxt2rdacontent aunmediatedbn2rdamedia avolumebnc2rdacarrier aRevised edition of the author's Options, futures, and other derivatives, [2018] aIncludes index. a"A college textbook for courses in business, economics, financial mathematics and financial engineering. A reference book for practitioners in derivatives markets"--cProvided by publisher. 0aFutures. 0aStock options. 0aDerivative securities.